[Event "2025 Spring TNM: 2000+"]
[Site "San Francisco"]
[Date "2025.03.18"]
[Round "3.2"]
[White "Heiserman, Jimmy"]
[Black "Ivanenko, Anthony Vladimir"]
[Result "1-0"]
[Annotator "TA/Winslow,Elliott"]
[WhiteElo "2303"]
[BlackElo "1901"]
[PlyCount "102"]
[GameId "2157324471860330"]
[EventDate "2025.??.??"]

{Ivanenko came out with the Nimzoindian only to run into 4.f3 and a complicated battle. Heiserman kept up the tension and Tony did lose his way, but in a rook and knight "NQE" ("Not Quite an Endgame" as Glenn Flear calls it), where White was a move ahead in the checkmating game.} 1. d4 {[%emt 0:00:02]} Nf6 {[%emt 0:00:08]} 2. c4 {[%emt 0:00:05]} e6 {[%emt 0:00:06]} 3. Nc3 {[%emt 0:00:14]} Bb4 {[%emt 0:00:07]} 4. f3 {[%emt 0:00:07] The Kmoch Variation often leads to highly unusual and delicate situations, if Black avoids the classical approach. See the iconic and extremely famous Botvinnik-Capablanca, AVRO 1938.} d5 {[%emt 0:00:27]} (4... c5) (4... O-O) 5. a3 {[%emt 0:00:25]} Bxc3+ {[%emt 0:01:53]} (5... Be7) (5... Bd6) 6. bxc3 {[%emt 0:00:06]} c5 {[%emt 0:00:10]} 7. cxd5 {[%emt 0:00:17]} Nxd5 {[%emt 0:00:07][%cal Bf6d5,Bd5e3,Be3f1][%mdl 32]} (7... exd5 8. e3 O-O (8... Qc7 $5 9. Ra2 $1) 9. Bd3 b6 10. Ne2 Re8 $5 11. O-O Ba6 12. Ng3 Bxd3 13. Qxd3 Nc6 14. Bb2 $1 (14. Ra2 Qd7 15. Re2 Rad8 16. Bb2 h5 17. Ree1 h4 18. Nh1 h3 19. g4 Nh7 20. Ng3 Ng5 {0-1 Eljanov,P (2732)-Bologan,V (2655) Poikovsky Karpov 15th 2014 (5) An early occasion of sending the h-pawn into the fray. Obviously White wasted time.}) 14... h5 (14... c4 {was played dozens of times before Shankland,S-Sanikidze,T, Baku Olympiad 2016, which capped Sam's streak into the 2700s.})) 8. dxc5 {[%emt 0:01:33]} f5 {[%emt 0:00:41]} 9. Nh3 {[%emt 0:01:13]} Qa5 {[%emt 0:04:28][%cal Ob8c6]} 10. Bd2 {[%emt 0:40:29]} Qxc5 {[%emt 0:01:14][%cal Ob8c6] [#]} 11. c4 $1 {[%emt 0:00:54]} Ne3 {[%emt 0:10:05]} 12. Qb3 {[%emt 0:00:55] [#]} (12. Qc1 $5 {scores a lot better but really isn't any better (or worse).}) 12... Qd4 $146 {[%emt 0:15:39]} (12... Nxf1 13. Kxf1 Nc6 14. Bb4 Nxb4 15. axb4 Qe7 16. g3 O-O 17. Kg2 e5 18. c5+ Be6 {½-½ Caspi,I (2471)-Soffer,R (2442) ISR-chT Israel 2024 (4.35)}) 13. Rc1 {[%emt 0:08:21] A sharp opening} (13. Qxe3 Qxa1+ 14. Kf2 O-O $17) 13... Nxf1 {[%emt 0:00:13]} (13... f4 $6 14. Bc3 (14. Nxf4 Nxf1 15. Rxf1 O-O $16) 14... Qb6 15. Qb5+ (15. Qxb6 axb6 16. Nxf4 O-O $16) 15... Bd7 (15... Qxb5 $2 16. cxb5 O-O 17. Bb4 $18 {[%mdl 64] Deflection}) 16. Qg5 $18) 14. Rxf1 {[%emt 0:00:09]} (14. Bc3 {simplifies} Qb6 15. Qxb6 axb6 16. Kxf1 Kf7 17. Bb2) 14... O-O {[%emt 0:01:09]} (14... Qh4+ $142 15. Rf2 Nc6 16. Bg5 Qh5 (16... Qd4) 17. Bf4 O-O 18. Bd6 Rf7 19. c5) 15. Nf4 $6 {[%emt 0:07:50]} (15. f4 $5 h6 (15... Rd8 16. Bc3 $1 Qb6 17. Qa2 $1 Nd7 18. Rf3 Nf6 19. Qa1 $16) 16. c5 Nd7 17. Be3 Qe4 18. Rf3 Nf6 19. Nf2 Qd5 20. Qb2) 15... Rd8 {[%emt 0:07:22]} 16. Be3 {[%emt 0:03:15]} Qe5 $6 {[%eval 78,25] [%wdl 262,738,0] [%emt 0:00:22]} (16... Qf6 $11 {[%eval 18,26] [%wdl 23,973,4]}) 17. Kf2 $16 {[%emt 0:01:06]} Nc6 {[%emt 0:10:53]} 18. Rfd1 {[%emt 0:03:11]} (18. c5 $5) 18... Bd7 {[%eval 174,22] [%wdl 968,32,0] [%emt 0:01:19]} (18... Re8 $16 {[%eval 72,23] [%wdl 217,783,0]}) 19. h4 {[%eval 112,27] [%wdl 634,366,0] [%emt 0:09:44]} (19. c5 $18 {[%eval 174,22] [%wdl 968,32,0]}) 19... Rac8 {[%eval 191,25] [%wdl 985,15,0] [%emt 0:06:44]} (19... Qf6 $16 {[%eval 112,27] [%wdl 634,366,0] is a better defense.}) 20. Nd3 {[%emt 0:03:48]} (20. g3 $1) (20. Qxb7 $5) 20... Qc7 {[%emt 0:04:23]} 21. c5 {[%emt 0:03:44]} Kh8 {[%emt 0:01:52]} 22. Nf4 $2 {[%eval 20,30] [%wdl 25,971,4] [%emt 0:03:21]} ({White should try} 22. Rb1 $18 {[%eval 164,28] [%wdl 950,50,0]}) 22... e5 $11 {[%emt 0:08:18]} 23. Nd5 {[%emt 0:03:09]} Be6 $1 {[%emt 0:00:26]} 24. Nxc7 {[%emt 0:00:04]} (24. Bg5 $2 Qf7 25. Bxd8 Rxd8 $19) 24... Bxb3 {[%emt 0:00:05]} 25. Rxd8+ {[%emt 0:00:03]} Rxd8 {[%emt 0:00:08]} 26. Rb1 $36 {[%emt 0:01:13] White is more active.} Na5 {[%eval 71,22] [%wdl 152,848,0] [%emt 0:02:59]} (26... Bc4 $11 {[%eval 11,27] [%wdl 5,994,1] (0.00/29)}) 27. Ke1 {[%eval 28,31] [%wdl 14,985,1] [%emt 0:01:24]} (27. c6 $1 $16 {[%eval 71,22] [%wdl 152,848,0]} bxc6 28. Bxa7) 27... f4 $2 {[%eval 488,23] [%wdl 1000,0,0] [%emt 0:02:12] This costs Black the game.} (27... Bg8 $11 {[%eval 28,31] [%wdl 14,985,1] and Black has nothing to worry.}) 28. Bd2 $18 {[%emt 0:00:16] Deflection} Nc4 {[%emt 0:02:56]} 29. Rxb3 {[%emt 0:00:10]} Rxd2 {[%emt 0:00:04]} 30. Rxb7 {[%emt 0:00:29]} h6 {[%emt 0:00:10]} 31. Ne6 {[%emt 0:03:58]} (31. Rxa7 Rc2 32. Nd5 (32. Ra8+ Kh7 $16 33. Nd5) 32... Rc1+ 33. Kf2 Nb2 $18 34. Ne7 Nd1+ 35. Ke1 Ne3+ 36. Kd2 {[%cal Gh4h5,Ge7g6,Ga7a8,Ga8h8]}) (31. h5 $1 Rc2 32. Nd5 Ne3 (32... a6 33. c6) 33. Ne7 $1 g5 (33... Nxg2+ 34. Kf2 $18) 34. c6) 31... Rc2 {[%emt 0:01:31] [#]} 32. Kf2 $1 {[%emt 0:00:12] White stays ahead of Black's plan of trapping White's king -- by one move.} (32. Nxg7 $4 Rc1+ 33. Kf2 Ne3 $19) 32... Ne3 {[%emt 0:02:08]} 33. g3 $1 {[%emt 0:00:24]} Nd1+ {[%emt 0:00:35] [#]} (33... g5 34. hxg5 hxg5 35. Rb8+ Kh7 36. Nxg5+ Kg6 (36... Kh6 37. gxf4 exf4 38. Ne6) 37. gxf4 exf4 38. Nh3) 34. Ke1 $1 {[%emt 0:00:10]} Nc3 {[%eval 495,23] [%wdl 1000,0,0] [%emt 0:03:41]} (34... Ne3 {[%eval 293,27] [%wdl 1000,0,0]} 35. g4 (35. Rxg7 Rxc5 36. gxf4 Ra5 $18) (35. gxf4 Ng2+ 36. Kf2 Nxf4 $18) 35... Nc4) 35. gxf4 {[%emt 0:00:10]} (35. Nxg7 $2 fxg3) 35... Rxe2+ {[%emt 0:00:05]} 36. Kf1 {[%emt 0:00:05]} exf4 {[%emt 0:00:57] [#]} 37. c6 $1 {[%emt 0:00:12]} Rxe6 {[%emt 0:01:08] KRN-KR} (37... Rc2 38. c7) 38. c7 {[%emt 0:00:03]} Rc6 {[%emt 0:00:32]} 39. Rb8+ {[%emt 0:00:04]} Kh7 {[%emt 0:00:25]} 40. c8=Q {[%emt 0:00:05]} Rxc8 {[%emt 0:00:05]} 41. Rxc8 {[%emt 0:00:03]} Nb5 {[%emt 0:00:08]} 42. a4 {[%emt 0:00:07]} Nd4 {[%emt 0:00:47]} 43. Kf2 {[%emt 0:01:12]} Kg6 {[%emt 0:00:30]} 44. Rc7 {[%emt 0:00:27]} a5 {[%emt 0:01:07]} 45. Rc5 {[%emt 0:00:09]} Kf6 {[%emt 0:01:12]} 46. Rxa5 {[%emt 0:00:12]} g5 47. Ra6+ {[%emt 0:00:10]} Ke5 {[%emt 0:01:16]} 48. Rxh6 {[%emt 0:00:05]} gxh4 {[%emt 0:01:08]} 49. Rxh4 {[%emt 0:00:06]} Nb3 {[%emt 0:00:12]} 50. a5 {[%emt 0:00:16]} Nc5 {[%emt 0:00:36]} 51. Ke2 {[%eval 691,27] [%wdl 1000,0,0] [%emt 0:00:39]} (51. Rh6 $142 {[%eval 32726,32] [%wdl 1000,0,0]}) 51... Kd5 {[%emt 0:00:57] Weighted Error Value: White=0.35/Black=0.69} 1-0

[Event "2025 Spring TNM: 2000+"]
[Site "San Francisco"]
[Date "2025.03.18"]
[Round "3.3"]
[White "Bayaraa, Chinguun"]
[Black "Senthilkumar, Pranav"]
[Result "1-0"]
[Annotator "Winslow,Elliott"]
[WhiteElo "2161"]
[BlackElo "2201"]
[PlyCount "49"]
[GameId "2157324482673780"]
[EventDate "2025.??.??"]

1. c4 {[%emt 0:04:24]} e5 {[%emt 0:00:23]} 2. g3 {[%emt 0:00:23]} Nf6 {[%emt 0:00:15]} 3. Bg2 {[%emt 0:00:06]} d5 {[%emt 0:00:05]} 4. cxd5 {[%emt 0:00:09]} Nxd5 {[%emt 0:00:04]} 5. Nc3 {[%emt 0:00:07]} Nb6 {[%emt 0:00:16]} 6. Nf3 {[%emt 0:00:18]} Nc6 {[%emt 0:00:05]} 7. O-O {[%emt 0:00:07]} Be7 {[%emt 0:00:04]} 8. d3 {[%emt 0:03:04]} O-O {[%emt 0:00:22]} 9. a3 {[%emt 0:00:06]} Be6 {[%emt 0:00:25]} 10. b4 {[%emt 0:00:29]} a5 {[%emt 0:02:28]} 11. b5 {[%emt 0:00:26]} Nd4 {[%emt 0:00:03]} 12. Rb1 {[%emt 0:09:39] 12.Bb2 is the modern continuation.} ({Relevant:} 12. Bb2 f6 13. Nxd4 exd4 14. Nb1 Bd5 15. Nd2 c5 16. bxc6 Bxg2 17. Kxg2 bxc6 18. Qb3+ Kh8 19. Rfb1 Rb8 20. Qe6 c5 21. Bc1 Re8 22. Ne4 Bf8 23. Qc6 f5 24. Ng5 Qd5+ 25. Qxd5 Nxd5 26. Rxb8 Rxb8 27. Bd2 Nc3 28. Nf7+ Kg8 29. Ne5 Nxe2 30. Bxa5 Nc3 31. Nc4 Be7 32. Re1 Bf6 33. Bb6 Na4 34. Re6 Kf7 35. Rc6 Ke8 36. Kf3 Kd7 37. Rd6+ Ke7 38. Ba7 Rb3 39. Ra6 Nb2 40. Bxc5+ Kf7 41. Nxb2 Rxb2 {½-½ Karthik,V (2600)-Zemlyanskii,I (2554) Tashkent Al Beruniy-B 2nd 2025 (9)}) 12... Nd5 {[%emt 0:17:21] [#]} 13. Na4 $1 {[%emt 0:05:27]} Qe8 {[%emt 0:17:28]} 14. Nxd4 $1 {[%emt 0:04:39]} exd4 {[%emt 0:00:12]} 15. Bb2 {[%emt 0:00:57]} Qxb5 $146 {[%emt 0:11:38]} (15... Rd8 $5 16. Bxd4 Bxa3 17. Nc5 Nf4 $1 {Four games, four draws.}) 16. Bxd4 {[%emt 0:00:29] [#]} Qd7 $146 {[%emt 0:01:54]} ({No better or worse was} 16... Qa6 {but it turned out better:} 17. Bc5 Rfe8 18. Bxe7 Rxe7 19. Nc5 Qd6 20. Nxe6 Qxe6 21. Rxb7 Nc3 22. Qb3 Nxe2+ 23. Kh1 Qxb3 24. Rxb3 Rd8 25. Rb5 a4 26. Ra5 g6 27. Rxa4 Rxd3 28. h4 c5 29. Ra8+ Kg7 30. Kh2 Rc7 31. Re1 Rd2 32. Bf1 Nd4 33. Kg2 Rc6 34. Rc1 Rf6 35. Ra4 Rfxf2+ 36. Kg1 Nf3+ {0-1 Rottenwohrer Suarez,J (2197)-Kosteniuk,A (2471) Titled Tuesday intern op 23rd June Chess.com INT blitz 2020 (6)}) 17. Rxb7 {[%emt 0:02:37]} Qc6 {[%emt 0:04:29]} 18. Rb1 {[%emt 0:03:50]} Bxa3 {[%emt 0:02:13]} 19. e4 {[%emt 0:03:24] [#]} Nb4 $6 {[%emt 0:05:53] Black just compounds his awkward piece placement, perhaps hoping for some tactical solution, but Chinguun has that under control.} 20. Bc5 $1 {[%emt 0:17:34]} Bd7 {[%emt 0:04:44]} 21. Bxf8 {[%emt 0:01:14]} Rxf8 {[%emt 0:02:16]} 22. Nb2 {[%emt 0:08:28]} Be6 $6 {[%emt 0:05:07]} 23. Nc4 {[%emt 0:01:54]} Rd8 {[%emt 0:00:54]} (23... Bxc4 24. dxc4 Qxc4 25. Qa4 Qc3 26. Rb3) 24. Nxa3 {[%emt 0:04:04]} Rxd3 {[%emt 0:00:02]} 25. Qxd3 {[%emt 0:00:14]} 1-0

[Event "2025 Spring TNM: 2000+"]
[Site "San Francisco"]
[Date "2025.03.18"]
[Round "3.4"]
[White "Winslow, Elliott"]
[Black "Gaffagan, Steven"]
[Result "0-1"]
[Annotator "Winslow,Elliott"]
[WhiteElo "2222"]
[BlackElo "1967"]
[PlyCount "88"]
[GameId "2157317304371456"]
[EventDate "2025.??.??"]

1. d4 {[%emt 0:00:17]} Nf6 {[%emt 0:00:08]} 2. c4 {[%emt 0:00:13]} g6 {[%emt 0:00:03]} 3. Nc3 {[%emt 0:01:26]} Bg7 {[%emt 0:00:05]} 4. e4 {[%emt 0:00:14]} d6 {[%emt 0:00:03]} 5. Be2 {[%emt 0:04:43]} O-O {[%emt 0:00:08]} 6. Nf3 {[%emt 0:00:33]} e5 {[%emt 0:00:21]} 7. d5 {[%emt 0:01:21]} a5 {[%emt 0:00:06]} 8. Bg5 {[%emt 0:00:10]} h6 {[%emt 0:00:30]} 9. Be3 {[%emt 0:00:56]} Na6 {[%emt 0:02:33]} ({Relevant:} 9... Ng4 10. Bd2 Na6 11. h3 Nf6 12. g4 Nc5 13. Qc2 c6 14. Be3 cxd5 15. cxd5 Nfd7 16. Nd2 Nb6 17. Nb5 Na6 18. Nc7 Qxc7 19. Qxc7 Nxc7 20. Bxb6 Ne8 {½-½ Grigoryan,K (2617)-Illescas Cordoba,M (2614) Santiago de Compostela Bicapawn GP B2 blitz 2022 (9)}) 10. Nd2 {[%emt 0:01:01]} Nc5 {[%emt 0:00:55]} 11. Qc2 {[%emt 0:11:46] [#]} c6 $6 {[%emt 0:03:06] [#]} 12. O-O-O $146 {[%emt 0:03:09]} ({Predecessor:} 12. O-O Bd7 13. a3 cxd5 14. cxd5 Rc8 15. Nc4 Be8 16. b4 axb4 17. axb4 Ncxe4 18. Bb6 Qe7 19. Nxe4 Nxd5 20. Qd2 Rxc4 21. Qxd5 Rxb4 22. Rab1 Rxb1 23. Rxb1 Bc6 24. Qxd6 Qh4 25. Ng3 Ra8 26. h3 Qg5 27. Bc4 Bf8 28. Qd3 Kg7 29. Bd5 Ra3 30. Qd1 Ba4 31. Qe2 {1-0 Loginov,V (2532)-Nikolaev,N (2329) St Petersburg-ch 1999 (7)}) 12... cxd5 $6 {[%emt 0:02:31]} (12... a4) 13. cxd5 {[%emt 0:00:16]} Bd7 $6 {[%emt 0:10:29]} 14. Bxc5 $1 $18 {[%emt 0:04:40]} dxc5 {[%emt 0:00:27]} 15. a4 $1 {[%emt 0:00:29] [#]} Ng4 {[%emt 0:17:37]} (15... c4 $5) 16. Bxg4 {[%emt 0:01:51]} Bxg4 17. f3 Bd7 18. Nc4 Rb8 19. Nb5 f5 20. d6 $6 b6 21. Nc7 Qg5+ 22. Kb1 fxe4 23. fxe4 Rf4 24. Nd5 {[#]} b5 25. Ncb6 Bg4 26. Rde1 $6 (26. axb5 $5 $18) (26. d7 $5 $18) (26. Nxf4 $5 $18) (26. g3 $5 $18) (26. Rd2 $5 $18) 26... bxa4 (26... Qd8) 27. Qxc5 $6 (27. Nxa4 $16) 27... Kh7 $2 28. g3 $4 (28. Nxf4 exf4 29. Qxg5 hxg5 30. h3 Be6 31. Nxa4 Rb4 32. Nc5 Rxb2+ 33. Kc1 $18 Ba2 34. d7 Rb1+ 35. Kc2 Rb2+ 36. Kd3) 28... Rf3 (28... Rf7) 29. Qc1 (29. Rhf1 $1 $14) 29... Qd8 30. Qc7 Qf8 {[#]} 31. Nd7 $4 (31. Qe7 $1 a3 $1 32. Qxf8 Rfxf8 33. Rc1 Rf2 34. b3 $11) 31... Bxd7 $19 32. Qxd7 Rf2 33. b4 axb4 (33... Qf3) 34. Ne3 Qf3 35. Qc6 (35. Qg4 Qf7) 35... Re2 (35... a3 $1) 36. Rxe2 Qxe2 37. Rd1 Qxe3 38. d7 Qb3+ 39. Kc1 a3 40. Qc2 Qxc2+ 41. Kxc2 Bf6 42. Kb3 Kg7 43. Rc1 Rd8 44. Rc7 Be7 0-1

[Event "2025 Spring TNM: 2000+"]
[Site "San Francisco"]
[Date "2025.03.18"]
[Round "3.7"]
[White "Viadiu-Ilarraza, Hector"]
[Black "Srinivasan, Sivavishnu"]
[Result "1-0"]
[Annotator "Winslow,Elliott"]
[WhiteElo "1896"]
[BlackElo "2066"]
[PlyCount "53"]
[GameId "2157333390531859"]
[EventDate "2025.??.??"]

1. e4 c6 2. d4 d5 3. exd5 cxd5 4. Bd3 Nf6 5. c3 Bg4 6. Qb3 Qd7 7. Nf3 Bxf3 8. gxf3 g6 9. Bf4 Nc6 10. Be5 Bg7 11. Nd2 O-O 12. Bxf6 Bxf6 13. O-O-O a6 14. h4 b5 15. Rdg1 h5 16. f4 e6 17. Nf3 Qc7 18. Ne5 Nxd4 19. Qd1 Bg7 20. Bxg6 fxg6 21. Qxd4 Kh7 22. Qd3 Rf5 23. Qg3 {[#]} Bxe5 $4 (23... Rf6 $11) 24. Qxg6+ Kh8 25. fxe5 Rxf2 26. Rg5 Rf7 27. Rhg1 1-0

[Event "2025 Spring TNM: 2000+"]
[Site "San Francisco"]
[Date "2025.03.18"]
[Round "3.8"]
[White "Agrawal, Varun"]
[Black "Seshadri, Sudarshan"]
[Result "1-0"]
[Annotator "Winslow,Elliott"]
[WhiteElo "1933"]
[BlackElo "2018"]
[PlyCount "93"]
[GameId "2157333390531860"]
[EventDate "2025.??.??"]

1. b3 d5 2. Bb2 Nc6 3. e3 Bf5 4. Bb5 a6 5. Bxc6+ bxc6 6. Nf3 Nf6 7. d3 c5 8. Qe2 e6 9. Nh4 Bg4 10. Nf3 Bf5 11. Nbd2 Be7 12. Ne5 Bd6 13. Ndf3 O-O 14. h4 h6 15. O-O-O Ng4 16. e4 Nxe5 17. Nxe5 Bh7 18. Qg4 d4 19. Nc4 Qf6 20. Kb1 Qg6 21. Qe2 e5 22. g4 Qe6 23. g5 f5 24. gxh6 Qxh6 25. exf5 Bxf5 26. Rdg1 Rae8 27. f3 Bd7 28. Bc1 Qh5 29. Nd2 Bc6 30. Rh3 c4 31. Rg5 Qh7 32. Nxc4 Rf5 33. Rhg3 Rxg5 34. Rxg5 Qxh4 35. Qg2 Re7 36. Rg6 Be8 37. Rh6 Qe1 38. a3 e4 39. Rh1 exf3 40. Qxf3 Qg3 {[#]} 41. Qd5+ Bf7 42. Qa8+ (42. Qxd4 $1) 42... Re8 43. Qxa6 $18 Bd5 44. Nxd6 Ra8 45. Nf5 Qe5 46. Qg6 Bxh1 47. Nh6+ 1-0

[Event "2025 Spring TNM: 2000+"]
[Site "San Francisco"]
[Date "2025.03.18"]
[Round "3.10"]
[White "Cheng, Kar Lun"]
[Black "Zavgorodniy, Andrew"]
[Result "1-0"]
[Annotator "Winslow,Elliott"]
[WhiteElo "1867"]
[BlackElo "1969"]
[PlyCount "83"]
[GameId "2157333390535958"]
[EventDate "2025.??.??"]

1. e4 c5 2. Nf3 e6 3. d4 cxd4 4. Nxd4 Nf6 5. Nc3 Nc6 6. Be2 Bb4 7. Nxc6 bxc6 8. Qd3 d5 9. O-O a5 10. Qg3 Bxc3 11. bxc3 Nxe4 12. Qxg7 Qf6 13. Qxf6 Nxf6 14. Bb2 Ke7 15. Rfe1 Ba6 16. Bf3 Rab8 17. Ba3+ Kd7 18. Rad1 Bc4 19. Rd4 Ne8 20. Bh5 f5 21. f3 Ng7 22. Bf7 Rhf8 23. Bxf8 Rxf8 24. Bxe6+ Nxe6 25. Rh4 Rf7 26. Rb1 Kc7 27. Re1 Nc5 28. a3 Na4 29. Re8 Nxc3 30. Ra8 Kb6 31. Rh8 Re7 32. R4xh7 Re1+ 33. Kf2 Re2+ 34. Kg3 Rxc2 35. Rb8+ Kc5 36. Ra7 a4 37. h4 d4 38. h5 d3 39. h6 f4+ 40. Kh2 d2 41. h7 d1=Q 42. Ra5+ $138 1-0

[Event "2025 Spring TNM: 2000+"]
[Site "San Francisco"]
[Date "2025.03.18"]
[Round "3.11"]
[White "Clemens, Kristian"]
[Black "Smith, Roger Christopher"]
[Result "1-0"]
[Annotator "Winslow,Elliott"]
[WhiteElo "1954"]
[BlackElo "1872"]
[PlyCount "129"]
[GameId "2157333390535959"]
[EventDate "2025.??.??"]

1. c4 Nf6 2. Nc3 e6 3. Nf3 d5 4. d4 Be7 5. Bg5 O-O 6. e3 Nbd7 7. Qc2 Re8 8. Bd3 dxc4 9. Bxc4 c6 10. O-O h6 11. Bh4 b5 ({Relevant:} 11... Nd5 12. Bxe7 Qxe7 13. Rad1 Nxc3 14. Qxc3 b6 15. Ne5 Bb7 16. Nxd7 Qxd7 17. f4 Rac8 18. b4 Red8 19. Qc2 Qe7 20. f5 exf5 21. Qxf5 Rf8 22. e4 Rce8 23. a3 Bc8 24. Qf4 Kh8 25. e5 Be6 26. Bd3 Bd5 27. Rd2 Rd8 {½-½ Szuhanek,R (2504)-Lazic,M (2502) Borovo 2010 (6)}) 12. Bd3 Bb7 13. Rfd1 {[#]} Nd5 $146 ({Predecessor:} 13... Qb6 14. Ne5 Nxe5 15. dxe5 Nd5 16. Bxe7 Nxc3 17. Bh7+ Kh8 18. Qxc3 Rxe7 19. Bc2 Rd8 20. Rd6 Rxd6 21. exd6 Rd7 22. Qd3 g6 23. b4 Kh7 24. h4 h5 25. e4 c5 26. e5 cxb4 27. Qg3 Qd4 28. Rd1 Qb2 29. Bd3 a6 30. Qg5 Kg8 31. Rc1 Qxa2 32. Be4 b3 33. Bxb7 b2 34. Rc8+ {1-0 Vorobiov,E (2537)-Filippova,D (1992) Cheliabinsk Lozovatsky Memorial-A 2022 (3)}) 14. Bxe7 Qxe7 15. Nxd5 exd5 16. Rac1 Rac8 {[#]} 17. Bh7+ Kh8 18. Bf5 Rcd8 19. Bxd7 Rxd7 20. Ne5 Rc7 21. Qc5 Qxc5 22. Rxc5 {[#]} f6 23. Ng6+ Kg8 24. Nf4 Rd7 25. Rdc1 Kf7 26. Nd3 Rd6 27. g3 Ke7 28. a4 a6 29. Ra1 Ra8 30. Rc3 Bc8 31. axb5 cxb5 32. Rac1 Bd7 33. Rc5 Kd8 34. Nf4 Rc8 35. Kf1 g5 36. Nd3 a5 37. Ra1 Bf5 38. Ke2 a4 {[#]} 39. Nb4 Rxc5 40. dxc5 Rd7 41. Nc6+ Kc7 42. Nd4 Bg6 43. Nxb5+ Kc6 44. Nd4+ Kxc5 45. Rxa4 Rb7 46. b3 Rb6 47. Kd2 h5 48. Kc3 Kd6 49. Ra8 Bf7 50. b4 Rb7 51. f3 Rc7+ 52. Kd2 Rc4 53. Ra6+ Ke5 54. Ra7 Bg8 55. Rg7 Rc8 56. b5 Kd6 57. Ra7 Kc5 58. Ra6 Rf8 59. Rc6+ Kb4 60. b6 Rb8 61. Rxf6 Kc5 62. Rc6+ Kb4 63. Rg6 Kc5 64. b7 Bf7 65. Rc6+ 1-0

[Event "2025 Spring TNM: 2000+"]
[Site "San Francisco"]
[Date "2025.03.18"]
[Round "3.12"]
[White "Walder, Michael"]
[Black "Rajaram, Raghu"]
[Result "1-0"]
[WhiteElo "1935"]
[BlackElo "1812"]
[PlyCount "43"]
[GameId "2157323047094782"]
[EventDate "2025.??.??"]

1. c4 c6 2. d4 d5 3. Nf3 Nf6 4. e3 e6 5. Bd3 Be7 6. O-O O-O 7. b3 Re8 (7... b6 8. Bb2 Bb7 9. Nc3 Nbd7 10. cxd5 cxd5 11. Qe2 Ne4 12. Rfc1 a6 13. a4 f5 14. Nd2 Bd6 15. f3 Qh4 16. Nf1 Nef6 17. Qf2 Qxf2+ 18. Kxf2 Rfc8 19. Ke2 Kf7 20. Ba3 Bxa3 21. Rxa3 Rc7 22. Raa1 Rac8 23. Kd2 g6 24. Ng3 e5 25. dxe5 Nxe5 26. Nge2 Nc6 27. Nd4 Nb4 28. Nce2 Nd7 29. Rxc7 Rxc7 30. Rc1 Nc5 31. Bb1 Re7 32. Nf4 a5 33. Nd3 Nbxd3 34. Bxd3 Bc8 35. Bb5 Bd7 36. Rc3 Kf6 37. Rc1 {0-1 Sadhwani,R (2616)-Fawzy,A (2472) Titled Tuesday intern op 25th Jan Chess.com INT blitz 2022 (5)}) 8. Nbd2 b6 {[#]} 9. Ne5 $146 (9. Bb2 Ba6 10. Ne5 Qc7 11. Ndf3 Nbd7 12. Qc2 g6 13. cxd5 Bxd3 14. Qxd3 exd5 15. Rac1 Nxe5 16. Nxe5 Rac8 17. Rxc6 Qb7 18. Rfc1 Rxc6 19. Rxc6 Rc8 20. Qc2 Rxc6 21. Nxc6 Bd6 22. Ne5 Qa6 23. a4 Qb7 24. h3 Nd7 25. Nc6 Kf8 26. e4 dxe4 27. Qxe4 Nb8 28. d5 Nxc6 29. dxc6 Qe7 30. Bg7+ Ke8 31. Qb1 f6 32. Qd1 Kd8 33. Bh6 Kc7 34. Be3 Kxc6 35. Qd3 Qe5 36. g3 Qd5 37. Qc2+ Kb7 38. h4 Qf3 {1-0 Gallardo Garcia,C (1292)-Feal Fernandez,R (1082) ESP-chT Regional U14 Gijon 2021 (1.4)}) 9... Nfd7 10. Bxh7+ Kxh7 11. Nxf7 Qc7 12. Qh5+ Kg8 13. Nh6+ gxh6 14. Qxe8+ Nf8 15. Qh5 Kg7 16. Nf3 Nbd7 17. e4 Nf6 18. Bxh6+ Kg8 19. Qg5+ Kf7 20. Ne5+ Ke8 21. Bxf8 Kxf8 22. Qh6+ 1-0